King of the Hill Names - Statistics

General Stats
  • This quiz has been taken 327 times
  • The average score is 11 of 21
Answer Stats
First Name Last Name % Correct
Hank Hill
100%
Peggy Hill
99%
Dale Gribble
86%
Nancy Gribble
84%
Cotton Hill
81%
Bobby Hill
76%
Luanne Platter
76%
John Redcorn
70%
Buck Strickland
64%
Bill (Fontaine dela Tour) Dauterive
52%
Jeff Boomhauer
49%
Rusty Shackleford
46%
Chuck Mangione
43%
Alabaster Jones
32%
Carl Moss
29%
Clark Peters
29%
Kahn Souphanousinphone
28%
Jimmy Wichard
27%
Lane Pratley
25%
Debbie Grund
21%
Ted Wassanasong
19%
No matching quizzes found
Score Distribution
Percent of People with Each Score
Percentile by Number Answered
Your Score History
You have not taken this quiz